1832 1345 1153 1118 1187 1090 1000 1320 1020 1783 1826 1874 1799 1057 1740 1750 1493 1262 1712 1711 1032 1685 1920 1332 1643 1277 1511 1158 1773 1310 1315 1084 1156 1453 1726 1766 1966 1791 1456 1825 1238 1568 1252 1058 1943 1538 1430 1064 1969 1453 1682 1453 1670 1531 1368 1224 1458 1356 1520 1736 1784 1720 1897 1800 1302 1560 1472 1631 1257 1268 1518 1231 1285 1686 1002 1267 1695 1000 1772 1457 1052 1058 1030 1667 1853 1913 1427 1346 1732 1517 1453 1521 1772 1740 1322 1618 1214 1900 1367 BCNSPRNW ULIB Ver.6.0+V

เปลี่ยนเป็นภาษาไทย

Change to English
 แสดงรายละเอียดบรรณานุกรม
  กลับหน้าหลัก

Brief Record : Get Marc (ISO 2709) : E-mail record : QR code < ปิดหน้าต่าง
LEADER : 00000nam 2200000uu 4500
001    13399112748
003     ULIB
008    110908s2544||||th 000 0 tha d
020    9743470298
050  4 LB1027^bบ773ก 2544
100 0  เบญจมาศ อยู่เป็นแก้ว
245 10 การสอนแบบบูรณาการ =^bIntegrated instruction /^cเบญจมาศ อยู่เป็นแก้ว ผู้เรียบเรียง
246 31 Integrated instruction
250    พิมพ์ครั้งที่ 1
260    กรุงเทพฯ :^bศูนย์พัฒนาการเรียนรู้,^c2544
300    64 หน้า ;^c21 ซม
650  4 การสอน
945    ^p50^l0^i014807
945    ^p50^l0^i014808
945    ^p50^l0^i014809
995    ทศพร
999 ^a ทศพร
รายการนี้ยังไม่มีแท็ก
คุณยังไม่ได้ล็อกอิน คุณสามารถมีกิจกรรมร่วมกับเว็บไซต์ได้ แต่ต้องล็อกอินก่อน ::
  ล็อกอิน

รายการสื่อสารสนเทศ

ลำดับที่ ประเภท เลขเรียก/บาร์โค้ด สถานที่ สถานะ
- ไม่พบข้อมูล -

รายการใกล้เคียง
    ผู้แต่ง [เบญจมาศ อยู่เป็นแก้ว]

    หัวเรื่อง [การสอน]

BibComment


ยังไม่เคยถูกคอมเมนท์

คอมเมนท์ทรัพยากรรายการนี้
  คอมเมนท์: การสอนแบบบูรณาการ..


 Copyright 2026. Bcnsprnw @Library